000
00322nam a2200121 a 4500
005
20140414131855.0
008
100901s19uu xx 00 eng d
050
_a
FIL
_b
P76 2008
100
_a
Eusebio-Abad, Heidi Emily
245
_a
Polliwog's wiggle.
260
_a
Manila, Philippines :
_b
Adarna,
_c
2008.
999
_c
110441
_d
110441